| 000 | 00612nam a2200205 i 4500 | ||
|---|---|---|---|
| 001 | bg | ||
| 100 | 1 | _aFIS, M. L. | |
| 245 | 0 |
_aElementy elektrochemiczne w automatyce / _cM. L. Fis ; tłum. [z ros.] Michał Inkielman. |
|
| 260 |
_aWarszawa : _bWydawnictwa Naukowo-Techniczne, _c1970. |
||
| 300 |
_a163, [1] s. : _brys. |
||
| 490 | 1 |
_aNowa Technika ; _vZesz. 90 |
|
| 500 | _a[Na k. tyt. aut.: M. L. Fisz. | ||
| 504 | _a[Zawiera biliogr. s. 161-164]. | ||
| 830 | _aNowa Technika ; | ||
| 040 | _cBPK | ||
| 041 | _apol | ||
| 080 | _a62-5:621.35 | ||
| 942 | _cKS | ||
| 008 | s pl f |000 0 pol | ||
| 999 |
_c26477 _d26477 |
||
| 856 |
_uhttp://koha.tu.koszalin.pl/cgi-bin/koha/opac-detail.pl?biblionumber=26477 _yKatalog online BPK |
||